000 01229cam a2200181 4500500
005 20260405003445.0
041 _afre
042 _adc
100 1 0 _aBreka, Jean
_eauthor
700 1 0 _aZogbasse, Kouakou Emmanuel
_eauthor
245 0 0 _aPages de début
260 _c2025.
500 _a52
520 _aCet article analyse les dynamiques de genre dans la filière cacao en Côte d’Ivoire, montrant que l’exclusion des femmes et leur précarité favorisent le side-selling. Il propose des leviers d’action : formation, financement innovant, outils numériques et gouvernance inclusive pour renforcer durabilité, équité et compétitivité du secteur.
520 _aThis article analyzes gender dynamics in the cocoa sector in Côte d’Ivoire, showing that women’s exclusion and precarious working conditions promote side-selling. It proposes levers for action–including training, innovative financing, digital tools, and inclusive governance–to strengthen the sector’s sustainability, equity, and competitiveness.
786 0 _nMigrations Société | 200 | 2 | 2025-07-23 | p. 2-3 | 0995-7367
856 4 1 _uhttps://shs.cairn.info/revue-migrations-societe-2025-2-page-2?lang=fr&redirect-ssocas=7080
999 _c2067697
_d2067697